Hoofdsteden van het Midden-Oosten Kaart Quiz - Statistieken

Algemene statistieken
  • Deze quiz is 2.303 keer genomen
  • De gemiddelde score is 11 van 16
Antwoorden op de kaart
Antwoorden kleurgecodeerd door een groen-rode schaal op de quizkaart volgens % correct hieronder.
 
Antwoordstatistieken
Land Hoofdstad % Correct
Turkije Ankara
94%
Egypte Caïro
94%
Israël Jeruzalem
83%
Irak Bagdad
79%
Iran Teheran
78%
Verenigde Arabische Emiraten Abu Dhabi
77%
Koeweit Koeweit
75%
Syrië Damascus
70%
Cyprus Nicosia
68%
Saoedi-Arabië Riyad
68%
Qatar Doha
65%
Libanon Beiroet
64%
Jordanië Amman
59%
Jemen Sanaa
56%
Oman Masqat
54%
Bahrein Manamah
50%
Geen overeenkomende quizzen gevonden
Scoreverdeling
Procent van Mensen met Elke Score
Percentiel versus Aantal Correcte Antwoorden
Uw Scoregeschiedenis
U heeft deze quiz nog niet genomen